00610cam a2200205 a 450000100100000000500170001000800410002701000130006802000150008103500190009603500200011504000290013508200190016410000380018324500660022126000310028730000210031865000380033965000270037700000889620200929161432.0980521s1997 ec 000 j spa  a98153084 a9978401997 a(DLC) 98153084 a(OCoLC)38694791 aDO-SdBNPbspacLCdBNPHU aE863.08bS487m1 aSerrano Sánchez, Raúl,d1962-14aLas mujeres estan locas por mí /cRaúl Serrano Sánchez. aQuito :bEskeletra,c1997. a144 p. ;c20 cm. 4aCuentos ecuatorianosxColecciones 4aLiteratura ecuatoriana